| 000 | 00748nam a2200265Ia 4500 | ||
|---|---|---|---|
| 003 | OSt | ||
| 005 | 20220928125143.0 | ||
| 006 | a|||||r|||| 00| 0 | ||
| 007 | ta | ||
| 008 | 220927b |||||||| |||| 00| 0 eng d | ||
| 020 | _cEuro 52.99 | ||
| 024 | _a137424 | ||
| 037 |
_bgift, 26/03/2018, _cTextual |
||
| 040 |
_aSDCL _cSDCL _beng |
||
| 041 |
_2eng _aeng |
||
| 082 | _aB33, Q7 | ||
| 100 |
_aConstanda Christian _9468325 |
||
| 245 | 0 |
_aDifferential equations _b A primer for scientists and engineers |
|
| 250 | _a2nd | ||
| 260 |
_aSwitzerland _bSpringer _c2017 |
||
| 300 |
_axvii,297 _ccm. |
||
| 650 |
_aGift _9391569 |
||
| 942 |
_hB33, Q7 _cTEXL _2CC |
||
| 999 |
_c781170 _d781170 |
||